Respuestas locales frente a los procesos de desplazamiento de población nicaragüense a Costa Rica /

Gespeichert in:
Bibliographische Detailangaben
1. Verfasser: Morales, Ninette
Format: Text
Schlagworte:
Tags: Tag hinzufügen
Keine Tags, Fügen Sie den ersten Tag hinzu!

MARC

LEADER 00000 a a2200000 04500
001 5005
003
040
100 |a Morales, Ninette  
245 |a Respuestas locales frente a los procesos de desplazamiento de población nicaragüense a Costa Rica /  |c Ninette Morales 
650 |a MIGRACION  
650 |a DERECHOS HUMANOS  
650 |a GOBIERNO  
650 |a INTERVENCION DEL ESTADO  
650 |a PARTICIPACION SOCIAL  
650 |a CULTURA  
650 |a MEDIO CULTURAL  
650 |a PROBLEMAS SOCIALES  
650 |a MIGRANTES  
650 |a EMIGRANTES  
650 |a ASIMILACION DE MIGRANTES  
650 |a MIGRACION INTERREGIONAL  
650 |a MIGRACION INTERNA  
650 |a POLITICA MIGRATORIA  
650 |a TRANSFEREN  
773 |g número 40; páginas 18-20  
999 |c 22267  |d 22267